[Event "Olimpiade 2014 - Open"]
[Site "Tromsø"]
[Date "10.08.2014"]
[Round "8.43"]
[Board "4"]
[White "Ahmed, Fareed"]
[Black "Medrano, Randall"]
[Result "0-1"]
[BlackTitle "FM"]
[WhiteElo "1899"]
[BlackElo "2116"]
[WhiteTeam "United Arab Emirates"]
[BlackTeam "Nicaragua"]
[WhiteFideId "9303677"]
[BlackFideId "6100970"]
[EventDate "2014.08.02"]

1. e4 c5 2. Nf3 Nc6 3. d4 cxd4 4. Nxd4 e6 5. Nc3 d6 6. Be2 Nf6 7. O-O Qc7 8. Be3
Be7 9. f4 O-O 10. Kh1 a6 11. Qe1 Bd7 12. Qg3 Rac8 13. Rae1 Kh8 14. a3 e5 15.
fxe5 Nxe5 16. Bg5 Qb6 17. Bxf6 Bxf6 18. Nf5 Be6 19. Nd1 Rxc2 20. Nfe3 Rcc8 21.
h4 Qd8 22. Nf2 Bxh4 23. Qh2 Bg5 24. Bd1 Rc1 25. g4 Ng6 26. Nf5 Bf4 27. Qh5 Be5
28. Nh3 f6 29. g5 d5 30. gxf6 Bxf6 31. Rg1 Bf7 32. Nxg7 Kxg7 33. e5 Bh4 34. e6
Rxd1 35. Rxd1 Bxe6 36. Qe5+ Qf6 37. Qxf6+ Bxf6 38. Nf4 Bf5 39. Nxd5 Be4+ 40. Kh2
Be5+ 41. Kh3 Rf3+ 42. Kg4 Rf2 43. Kh3 Rh2+ 44. Kg4 Rh4+ 0-1

[Event "Olimpiade 2014 - Open"]
[Site "Tromsø"]
[Date "10.08.2014"]
[Round "8.44"]
[Board "1"]
[White "Bachmann, Axel"]
[Black "Wang, Puchen"]
[Result "1-0"]
[WhiteTitle "GM"]
[BlackTitle "IM"]
[WhiteElo "2644"]
[BlackElo "2449"]
[WhiteTeam "Paraguay"]
[BlackTeam "New Zealand"]
[WhiteFideId "3700488"]
[BlackFideId "4300904"]
[EventDate "2014.08.02"]

1. c4 Nf6 2. Nf3 g6 3. Nc3 c5 4. d4 cxd4 5. Nxd4 Bg7 6. e4 O-O 7. Be2 Nc6 8. Be3
d6 9. O-O Bd7 10. Nc2 a6 11. f3 Be6 12. Qd2 a5 13. b3 Nd7 14. Rac1 Nc5 15. Nd5
Bxd5 16. exd5 Ne5 17. Nd4 Ned7 18. Rb1 Nf6 19. Rfd1 Qd7 20. Bf1 Rfc8 21. Re1 Re8
22. Rbd1 Qd8 23. Nb5 Qd7 24. g3 Qc8 25. Bd4 Qd7 26. h4 a4 27. b4 Na6 28. Kh2 Qd8
29. a3 Nd7 30. Bxg7 Kxg7 31. h5 Nc7 32. h6+ Kg8 33. Qb2 Nf6 34. Nxc7 Qxc7 35.
Re3 Qc8 36. Bh3 Qxc4 37. Rde1 Kf8 38. Bd7 Rec8 39. Bxc8 Rxc8 40. Rxe7 Qc2+ 41.
Qxc2 Rxc2+ 42. Kh3 1-0

[Event "Olimpiade 2014 - Open"]
[Site "Tromsø"]
[Date "10.08.2014"]
[Round "8.44"]
[Board "3"]
[White "Cubas, Jose Fernando"]
[Black "Ker, Anthony F"]
[Result "1-0"]
[WhiteTitle "GM"]
[BlackTitle "IM"]
[WhiteElo "2455"]
[BlackElo "2316"]
[WhiteTeam "Paraguay"]
[BlackTeam "New Zealand"]
[WhiteFideId "3700267"]
[BlackFideId "4300084"]
[EventDate "2014.08.02"]

1. e4 d6 2. d4 Nf6 3. Nc3 g6 4. f4 Bg7 5. Nf3 c5 6. dxc5 Qa5 7. Qd3 Qxc5 8. Be3
Qa5 9. Qb5+ Qxb5 10. Nxb5 Na6 11. e5 dxe5 12. fxe5 Ng4 13. Bd4 f6 14. exf6 Bxf6
15. O-O-O Bxd4 16. Rxd4 Ne3 17. Re4 Nxf1 18. Rxf1 O-O 19. Rxe7 Nb4 20. Nd6 Nxa2+
21. Kb1 Nb4 22. Nxc8 Raxc8 23. Rxb7 Nxc2 24. Rd1 Rf5 25. Rdd7 Ra5 26. Rg7+ Kf8
27. Rbf7+ Ke8 28. Rxa7 Na3+ 29. Ka2 Rxa7 30. Rxa7 Nb5 31. Rxh7 Rc2 32. g3 Rf2
33. Ne5 g5 34. Ng4 Re2 35. Rg7 Nc3+ 36. Ka3 Nb5+ 37. Ka2 Nc3+ 38. Kb3 Nd1 39.
Rxg5 Rxb2+ 40. Kc4 Re2 41. Re5+ Rxe5 42. Nxe5 Ke7 43. Ng4 Nb2+ 44. Kd5 Kf7 45.
Ne5+ Kf6 46. Ke4 Na4 47. Kf4 Nc3 48. Nd7+ Kg6 49. h4 Ne2+ 50. Kg4 Kh6 51. Ne5
Nd4 52. Nc4 Kg6 53. Ne3 Nc6 54. h5+ Kf6 55. Nd5+ Ke6 56. Kg5 Kf7 57. g4 Ne5 58.
Kf5 Nf3 59. g5 Nd4+ 60. Ke5 Nf3+ 61. Kf4 Nd4 62. Ne3 Ne6+ 63. Kg4 Nf8 64. Kf5
Kg7 65. Ng4 Nd7 66. h6+ 1-0

[Event "Olimpiade 2014 - Open"]
[Site "Tromsø"]
[Date "10.08.2014"]
[Round "8.44"]
[Board "4"]
[White "Hague, Ben"]
[Black "Vazquez, Guillermo"]
[Result "0-1"]
[WhiteTitle "FM"]
[BlackTitle "FM"]
[WhiteElo "2320"]
[BlackElo "2323"]
[WhiteTeam "New Zealand"]
[BlackTeam "Paraguay"]
[WhiteFideId "405647"]
[BlackFideId "3702308"]
[EventDate "2014.08.02"]

1. d4 Nf6 2. Nf3 e6 3. Bg5 h6 4. Bxf6 Qxf6 5. e4 d6 6. Nc3 a6 7. Qd2 Nd7 8.
O-O-O Qe7 9. h4 g6 10. g4 Bg7 11. Ng1 b5 12. Bg2 Bb7 13. f4 Nb6 14. Qf2 O-O-O
15. Nge2 Kb8 16. Rhf1 Rhf8 17. Rde1 d5 18. e5 f6 19. Qg3 fxe5 20. fxe5 g5 21.
hxg5 hxg5 22. Qd3 c5 23. dxc5 Nd7 24. Nd4 Nxc5 25. Qg6 b4 26. Nd1 Rxf1 27. Bxf1
Rh8 28. c3 Ne4 29. Qxe6 Qxe6 30. Nxe6 Bxe5 31. Bd3 Re8 32. Bxe4 Rxe6 0-1

[Event "Olimpiade 2014 - Open"]
[Site "Tromsø"]
[Date "10.08.2014"]
[Round "8.45"]
[Board "1"]
[White "Ferreira, Jorge Viterbo"]
[Black "De La Riva Aguado, Oscar"]
[Result "1-0"]
[WhiteTitle "IM"]
[BlackTitle "GM"]
[WhiteElo "2413"]
[BlackElo "2523"]
[WhiteTeam "Portugal"]
[BlackTeam "Andorra"]
[WhiteFideId "1910850"]
[BlackFideId "6900224"]
[EventDate "2014.08.02"]

1. d4 Nf6 2. Nf3 c5 3. e3 g6 4. c4 Bg7 5. Nc3 O-O 6. Be2 cxd4 7. exd4 d5 8. h3
Nc6 9. O-O Bf5 10. Bg5 dxc4 11. Bxc4 Ne4 12. Bh4 Na5 13. Bd3 Nxc3 14. bxc3 Bxd3
15. Qxd3 Rc8 16. Rfe1 Re8 17. Re2 Qc7 18. Rae1 e6 19. Ng5 Red8 20. Nxe6 fxe6 21.
Bxd8 Qxd8 22. Rxe6 Qd5 23. Qe2 Rf8 24. Re7 Bf6 25. Rc7 Nc6 26. Qg4 Qxa2 27. Qd7
Rf7 28. Qc8+ Kg7 29. Qxb7 Nd8 30. Rxf7+ Nxf7 31. Re3 a5 32. Rf3 Qe6 33. Qb5 Bd8
34. d5 Qe1+ 35. Kh2 Bc7+ 36. g3 Ne5 37. Rf4 Qxc3 38. Kg2 Nf7 39. Rf3 Qb4 40. Qd7 1-0

[Event "Olimpiade 2014 - Open"]
[Site "Tromsø"]
[Date "10.08.2014"]
[Round "8.45"]
[Board "2"]
[White "Simonet, Marc"]
[Black "Rocha, Sergio"]
[Result "1/2-1/2"]
[WhiteTitle "FM"]
[BlackTitle "IM"]
[WhiteElo "2222"]
[BlackElo "2392"]
[WhiteTeam "Andorra"]
[BlackTeam "Portugal"]
[WhiteFideId "6900127"]
[BlackFideId "1900404"]
[EventDate "2014.08.02"]

1. d4 g6 2. c4 Bg7 3. e4 d6 4. Nf3 Nf6 5. Nc3 O-O 6. Be2 Bg4 7. Ng1 Bc8 8. Nf3
Bg4 9. Ng1 Bc8 10. Nf3 Bg4 1/2-1/2

[Event "Olimpiade 2014 - Open"]
[Site "Tromsø"]
[Date "10.08.2014"]
[Round "8.45"]
[Board "3"]
[White "Rego, Pedro Filipe"]
[Black "Jose Queralto, Daniel"]
[Result "0-1"]
[BlackTitle "CM"]
[WhiteElo "2273"]
[BlackElo "2122"]
[WhiteTeam "Portugal"]
[BlackTeam "Andorra"]
[WhiteFideId "1904310"]
[BlackFideId "6900089"]
[EventDate "2014.08.02"]

1. Nf3 d5 2. d4 Nf6 3. c4 dxc4 4. e3 e6 5. Bxc4 c5 6. O-O Nc6 7. Qe2 cxd4 8. Rd1
Be7 9. Nc3 O-O 10. exd4 Na5 11. Bd3 b6 12. Bg5 Bb7 13. Rac1 Rc8 14. Bb1 g6 15.
Ne5 Nd5 16. Bh6 Bg5 17. Bxf8 Bxc1 18. Rxc1 Qg5 19. Qf1 Kxf8 20. Nf3 Qf4 21. Ne2
Rxc1 22. Qxc1 Qxc1+ 23. Nxc1 Nf4 24. Ne1 Nc4 25. b3 Na3 26. Bd3 Nxd3 27. Ncxd3
Be4 28. f3 Bxd3 29. Nxd3 Nb5 30. d5 exd5 31. Nb4 Ke7 32. Nxd5+ Kd6 33. Nf6 Kc5
34. Nxh7 Kb4 35. h4 Ka3 36. g4 Nd6 37. h5 gxh5 38. gxh5 Kxa2 39. Ng5 Nf5 40.
Nxf7 Kxb3 41. Kf2 a5 42. Ke1 a4 43. Kd2 a3 44. Nd6 Nxd6 45. h6 Nf7 0-1

[Event "Olimpiade 2014 - Open"]
[Site "Tromsø"]
[Date "10.08.2014"]
[Round "8.45"]
[Board "4"]
[White "Ribera Bazan, Jose"]
[Black "Santos, Hugo Lima"]
[Result "0-1"]
[WhiteElo "2117"]
[BlackElo "2266"]
[WhiteTeam "Andorra"]
[BlackTeam "Portugal"]
[WhiteFideId "6900305"]
[BlackFideId "1913026"]
[EventDate "2014.08.02"]

1. d4 g6 2. c4 Bg7 3. e4 d6 4. Nf3 Nf6 5. Nc3 O-O 6. Be2 e5 7. d5 a5 8. Bg5 h6
9. Bh4 Qe8 10. Nd2 Nh7 11. O-O h5 12. f3 Bh6 13. Qc2 Bd7 14. b3 Be3+ 15. Kh1 Na6
16. a3 g5 17. Bf2 Bc5 18. Bxc5 dxc5 19. g3 Qe7 20. f4 g4 21. Nd1 f5 22. Nc3 Rae8
23. Bd3 fxe4 24. Bxe4 exf4 25. Bg6 Rd8 26. Rae1 Qg7 27. gxf4 Nb8 28. Re5 Be8 29.
Bxh5 Nd7 30. Rxe8 Rdxe8 31. Bxe8 Rxe8 32. Nde4 Kh8 33. Rg1 Qd4 34. Ng5 Nxg5 35.
fxg5 Re3 36. Nd1 Rd3 37. Qe2 Ne5 38. Re1 Ng6 39. Qe8+ Kh7 40. Qf7+ Qg7 41. Qf5
Rd4 42. Ne3 Rf4 43. Qd3 Qd4 44. Qxd4 cxd4 45. Ng2 Rf3 46. b4 Rxa3 47. bxa5 Rxa5
48. Kg1 Rc5 49. Re4 Rxc4 50. Rxg4 b5 51. Ne1 d3 52. Rg2 Rd4 53. Rd2 Ne5 54. Kf2
Rxd5 55. Kg3 Rd4 56. Nf3 Nxf3 57. Kxf3 c5 58. Ke3 Kg6 59. h4 Rxh4 60. Rb2 0-1

[Event "Olimpiade 2014 - Open"]
[Site "Tromsø"]
[Date "10.08.2014"]
[Round "8.46"]
[Board "1"]
[White "Boydia, Sidi"]
[Black "Solomon, Kenny"]
[Result "0-1"]
[WhiteTitle "FM"]
[BlackTitle "IM"]
[WhiteElo "2068"]
[BlackElo "2378"]
[WhiteTeam "Mauritania"]
[BlackTeam "South Africa"]
[WhiteFideId "19600100"]
[BlackFideId "14300192"]
[EventDate "2014.08.02"]

1. e4 d6 2. d4 Nf6 3. Nc3 e5 4. Nf3 Nbd7 5. Bc4 Be7 6. O-O O-O 7. Re1 a6 8. a4
b6 9. Bg5 h6 10. Bh4 Bb7 11. Bg3 exd4 12. Nxd4 Ne5 13. Bb3 Nfd7 14. Nf5 Bf6 15.
f4 Ng6 16. Qh5 Kh7 17. Rad1 Bxc3 18. bxc3 Nf6 19. Qe2 Nxe4 20. Qd3 Qf6 21. Rxe4
Qxf5 22. Re3 Qxd3 23. cxd3 f5 24. Rde1 Bc6 25. Bc2 b5 26. a5 Rab8 27. d4 Bd5 28.
Rb1 c6 29. h3 h5 30. Bh2 Nh4 31. Re2 Rf6 32. Bg3 Ng6 33. Kf2 Kg8 34. Bh2 h4 35.
Bd3 Rff8 36. Re3 Rbc8 37. Rd1 Rc7 38. g4 hxg3+ 39. Kxg3 Bb3 40. Rb1 Ba2 41. Rb2
Bd5 42. Re1 Re7 43. Rbe2 Rfe8 44. Bg1 Rxe2 45. Rxe2 Rxe2 46. Bxe2 Ne7 47. Be3
Kf7 48. Bh5+ Ke6 49. Be2 Bb3 50. Bd2 Bd5 51. Kh4 Kf6 52. Bh5 g6 53. Be2 Ng8 54.
Bc1 Nh6 55. Ba3 Nf7 56. Bd1 Ke6 57. Be2 Ke7 58. Bb4 Nd8 59. Ba3 Ne6 60. Bc1 c5
61. dxc5 dxc5 62. Be3 Kd6 63. Bd1 Bc4 64. Bd2 Bd5 65. Be2 Ke7 66. Be3 Bc4 67.
Bd1 b4 68. cxb4 cxb4 69. Bc1 Nd4 70. Kg5 Kf7 71. Bd2 b3 72. Bc3 Ne6+ 73. Kh6
Nxf4 74. h4 Nd5 75. Bd4 Nf4 76. Bc3 Ne6 77. h5 g5 78. Kh7 g4 79. h6 Ng5+ 80. Kh8
Kg6 81. Bd2 Nf7+ 82. Kg8 Nxh6+ 83. Kh8 Nf7+ 84. Kg8 Ne5+ 0-1

[Event "Olimpiade 2014 - Open"]
[Site "Tromsø"]
[Date "10.08.2014"]
[Round "8.46"]
[Board "2"]
[White "Steel, Henry Robert"]
[Black "Hemam, Moulaye Brahim"]
[Result "1-0"]
[WhiteTitle "IM"]
[BlackTitle "CM"]
[WhiteElo "2399"]
[BlackElo "2070"]
[WhiteTeam "South Africa"]
[BlackTeam "Mauritania"]
[WhiteFideId "14300567"]
[BlackFideId "19600054"]
[EventDate "2014.08.02"]

1. e4 e6 2. d4 d5 3. Nc3 Nf6 4. Bg5 Bb4 5. e5 h6 6. Bd2 Bxc3 7. bxc3 Ne4 8. Qg4
g6 9. Bd3 Nxd2 10. Kxd2 c5 11. h4 Nc6 12. h5 Qg5+ 13. Qxg5 hxg5 14. Nf3 gxh5 15.
Nxg5 cxd4 16. cxd4 Nxd4 17. Rh4 Nc6 18. f4 Ke7 19. Rah1 Bd7 20. Rxh5 Rxh5 21.
Rxh5 Rg8 22. Ke3 Be8 23. Kf2 Nd4 24. g4 Ba4 25. Rh7 Be8 26. Nf3 Nxf3 27. Kxf3
Bd7 28. g5 Ke8 29. Ke3 Rf8 30. Kd4 b6 31. c3 Rg8 32. Bc2 Kf8 33. Bd1 Bb5 34. Ke3
Ke7 35. Bh5 Be8 36. g6 Rf8 37. Kf3 Ba4 38. Kg4 Bc2 39. Kg5 Ke8 40. gxf7+ Ke7 41.
Rg7 b5 42. Rg8 Bh7 43. Rxf8 Kxf8 44. Bg6 Bxg6 45. Kxg6 b4 46. Kf6 bxc3 47. f5 1-0

[Event "Olimpiade 2014 - Open"]
[Site "Tromsø"]
[Date "10.08.2014"]
[Round "8.46"]
[Board "3"]
[White "Taleb Mohamed, Ahmed"]
[Black "Kobese, Watu"]
[Result "0-1"]
[WhiteTitle "CM"]
[BlackTitle "IM"]
[WhiteElo "2024"]
[BlackElo "2333"]
[WhiteTeam "Mauritania"]
[BlackTeam "South Africa"]
[WhiteFideId "19600038"]
[BlackFideId "14300141"]
[EventDate "2014.08.02"]

1. d4 d5 2. c4 e6 3. Nf3 c5 4. cxd5 exd5 5. g3 Nc6 6. Bg2 Nf6 7. O-O Be7 8. Be3
O-O 9. dxc5 Ng4 10. Bd4 Nxd4 11. Nxd4 Bxc5 12. Nc3 Nf6 13. Nb3 Bb6 14. Nxd5 Nxd5
15. Bxd5 Qf6 16. Qc2 Bh3 17. Bg2 Rac8 18. Qd3 Bxg2 19. Kxg2 Qxb2 20. Rfb1 Qf6
21. Qf3 Qxf3+ 22. Kxf3 Rc6 23. e3 Rfc8 24. Rc1 Kf8 25. Rxc6 Rxc6 26. Rc1 Rxc1
27. Nxc1 Ke7 28. Nd3 Ke6 29. e4 Bd4 30. Ke2 b5 31. f3 a5 32. Nf4+ Kd6 33. Nd5
Kc5 34. Kd3 b4 35. h3 f5 36. Nc7 fxe4+ 37. fxe4 Be5 38. Ne6+ Kd6 39. Nf4 Kc5 40.
Ne2 a4 41. Kc2 Kc4 42. g4 b3+ 43. axb3+ axb3+ 44. Kd2 g5 45. Ng1 Bf4+ 46. Kd1
Kd3 0-1

[Event "Olimpiade 2014 - Open"]
[Site "Tromsø"]
[Date "10.08.2014"]
[Round "8.46"]
[Board "4"]
[White "Gluckman, David"]
[Black "Sabar, Ethmane Daouda"]
[Result "1-0"]
[WhiteTitle "IM"]
[WhiteElo "2236"]
[BlackElo "2002"]
[WhiteTeam "South Africa"]
[BlackTeam "Mauritania"]
[WhiteFideId "14300010"]
[BlackFideId "19600097"]
[EventDate "2014.08.02"]

1. Nf3 Nf6 2. c4 c5 3. g3 b6 4. Bg2 Bb7 5. O-O e6 6. b3 Be7 7. Bb2 O-O 8. e3 d5
9. Qe2 dxc4 10. bxc4 Nc6 11. Rd1 Qc7 12. Nc3 Rad8 13. Rac1 Rd7 14. d4 Rfd8 15.
d5 exd5 16. Bh3 Ba6 17. Nb5 Bxb5 18. cxb5 Na5 19. Bxd7 Rxd7 20. Ne5 Rd8 21. Bc3
Ne4 22. Nd3 Nxc3 23. Rxc3 Bf6 24. Rc2 Nc4 25. Nf4 Qe5 26. Qf3 Na3 27. Rcd2 Nxb5
28. Nxd5 Re8 29. a4 Nc3 30. Nxc3 Qxc3 31. Rd7 Qb3 32. Rxa7 c4 33. Qd5 Rf8 34.
Rc1 Bc3 35. Ra8 g6 36. Rxf8+ Kxf8 37. Qb5 Qa3 38. Rc2 Qb4 39. Qxb4+ Bxb4 40.
Rxc4 Be7 41. Rc8+ Kg7 42. Rc6 Bd8 43. Rd6 1-0

[Event "Olimpiade 2014 - Open"]
[Site "Tromsø"]
[Date "10.08.2014"]
[Round "8.47"]
[Board "1"]
[White "Djukic, Nikola"]
[Black "Samhouri, Bilal"]
[Result "1/2-1/2"]
[WhiteTitle "GM"]
[BlackTitle "FM"]
[WhiteElo "2521"]
[BlackElo "2256"]
[WhiteTeam "Montenegro"]
[BlackTeam "Jordan"]
[WhiteFideId "922412"]
[BlackFideId "8100942"]
[EventDate "2014.08.02"]

1. e4 c5 2. Nf3 e6 3. d4 cxd4 4. Nxd4 Nf6 5. Nc3 Nc6 6. Ndb5 Bc5 7. Bf4 O-O 8.
Bc7 Qe7 9. Bd6 Bxd6 10. Qxd6 Ne8 11. Qxe7 Nxe7 12. O-O-O a6 13. Nd6 Nxd6 14.
Rxd6 b5 15. Be2 Ra7 16. Rhd1 Rc7 17. f4 Rd8 18. a3 Bb7 19. g3 Bc6 20. R6d4 Rb8
21. R1d2 Kf8 22. Nd1 f5 23. e5 Ke8 24. b3 Rbc8 25. Kb2 Be4 26. c4 Nc6 27. Rd6
bxc4 28. Bxc4 Na5 29. Ne3 Rb8 30. Ka2 Nxb3 31. Bxb3 Rc3 32. Bc2 Rxe3 33. Bxe4
fxe4 34. Rxd7 Rbb3 35. Rxg7 Rxa3+ 36. Kb2 Reb3+ 37. Kc2 e3 1/2-1/2

[Event "Olimpiade 2014 - Open"]
[Site "Tromsø"]
[Date "10.08.2014"]
[Round "8.47"]
[Board "2"]
[White "Mansour, Sameer"]
[Black "Drasko, Milan"]
[Result "0-1"]
[WhiteTitle "FM"]
[BlackTitle "GM"]
[WhiteElo "2249"]
[BlackElo "2437"]
[WhiteTeam "Jordan"]
[BlackTeam "Montenegro"]
[WhiteFideId "8100144"]
[BlackFideId "900397"]
[EventDate "2014.08.02"]

1. Nf3 Nf6 2. c4 e6 3. g3 a6 4. Bg2 b5 5. b3 c5 6. O-O Bb7 7. Nc3 Qb6 8. Re1 d6
9. cxb5 axb5 10. d4 Be7 11. dxc5 dxc5 12. Qd3 Ra5 13. e4 Nc6 14. e5 Nd7 15. Bf4
Nb4 16. Qd2 h6 17. h4 Nd5 18. Nxd5 Bxd5 19. b4 cxb4 20. Nd4 Bxg2 21. Kxg2 Qb7+
22. Kg1 g5 23. Rad1 gxf4 24. Qxf4 Rxa2 25. Nf5 exf5 26. e6 Nf6 27. Qxf5 Qb6 28.
exf7+ Kxf7 29. Rd3 Rxf2 0-1

[Event "Olimpiade 2014 - Open"]
[Site "Tromsø"]
[Date "10.08.2014"]
[Round "8.47"]
[Board "3"]
[White "Kosic, Dragan"]
[Black "Mohannad, Farhan"]
[Result "1-0"]
[WhiteTitle "GM"]
[BlackTitle "FM"]
[WhiteElo "2486"]
[BlackElo "2321"]
[WhiteTeam "Montenegro"]
[BlackTeam "Jordan"]
[WhiteFideId "900290"]
[BlackFideId "8100918"]
[EventDate "2014.08.02"]

1. d4 Nf6 2. Bg5 d5 3. e3 Bf5 4. Nf3 e6 5. c4 Bxb1 6. Qxb1 Bb4+ 7. Kd1 dxc4 8.
Bxc4 Nbd7 9. Ke2 h6 10. Bh4 Qe7 11. Rd1 O-O 12. Qc2 Bd6 13. Rac1 Rac8 14. Qb3 c5
15. Qxb7 Rc7 16. Qa6 Rb8 17. Bb3 Rb6 18. Qd3 e5 19. dxe5 Nxe5 20. Nxe5 Qxe5 21.
Bg3 Qh5+ 22. f3 Bxg3 23. Qd8+ Kh7 24. hxg3 Qe5 25. Kf2 c4 26. Rxc4 Rxc4 27. Bxc4
Rxb2+ 28. Be2 Rxa2 29. Qd3+ g6 30. Qc4 Qe6 31. Qxe6 fxe6 32. e4 Kg7 33. g4 Kf7
34. Ke3 Ke7 35. Rb1 Ra3+ 36. Kf4 g5+ 37. Ke5 Nd7+ 38. Kd4 Ra4+ 39. Kc3 Ra2 40.
Bf1 Nb6 41. Kd4 Ra5 42. Bd3 e5+ 43. Ke3 Ra3 44. Rc1 Kd6 45. Kd2 Ra2+ 46. Ke3 Ra3
47. Ke2 Ra2+ 48. Kf1 Ra5 49. Kf2 Ra2+ 50. Kg3 Nd7 51. Rh1 a5 52. Bc4 Rc2 53.
Rxh6+ Kc5 54. Bd5 Kb4 55. Rg6 a4 56. Rxg5 a3 57. Rg7 Nc5 58. Ra7 Rd2 59. g5 Nd3
60. Kg4 Rxg2+ 61. Kf5 Nf4 62. Bf7 Rg3 63. g6 Nh5 64. Bd5 Ng7+ 65. Rxg7 1-0

[Event "Olimpiade 2014 - Open"]
[Site "Tromsø"]
[Date "10.08.2014"]
[Round "8.47"]
[Board "4"]
[White "Khader, Sami"]
[Black "Nikcevic, Nebojsa"]
[Result "1/2-1/2"]
[WhiteTitle "IM"]
[BlackTitle "GM"]
[WhiteElo "2352"]
[BlackElo "2427"]
[WhiteTeam "Jordan"]
[BlackTeam "Montenegro"]
[WhiteFideId "8100500"]
[BlackFideId "901776"]
[EventDate "2014.08.02"]

1. e4 e5 2. Nc3 Bb4 3. f4 Bxc3 4. dxc3 d6 5. Nf3 Nc6 6. Bb5 Bd7 7. f5 h6 8. Qe2
Nf6 9. Bd2 Qe7 10. O-O-O O-O-O 11. h3 Nb8 12. Bd3 Bc6 13. c4 Nbd7 14. b4 b6 15.
g4 Bb7 16. Be1 Rde8 17. Nd2 c6 18. c3 d5 19. cxd5 cxd5 20. Bh4 d4 21. a3 Kb8 22.
Nb1 Rc8 23. c4 Qd6 24. Kb2 Rc7 25. Rc1 Rhc8 26. Rhe1 a5 27. Qd2 Ba6 28. b5 Bb7
29. Qc2 Nc5 30. Nd2 Ne8 31. Ka2 f6 32. Bf2 Qd7 33. Nb3 Nxd3 34. Qxd3 Qf7 35.
Nxd4 Rd7 36. Qg3 Nc7 37. Nc6+ Bxc6 38. bxc6 Rd2+ 39. Kb1 Na6 40. Qe3 Rd4 41. Qb3
Ka7 42. Bxd4 exd4 43. e5 fxe5 44. Rxe5 Nc5 45. Qf3 d3 46. Qe3 Ka6 47. Rxc5 bxc5
48. Qxd3 Rxc6 49. Qe4 Qb7+ 50. Ka2 Rd6 51. Qxb7+ Kxb7 52. Kb3 Kc6 53. Rc3 Rd4
54. Re3 a4+ 55. Kc3 Rf4 56. Re6+ Kd7 57. Ra6 Rf3+ 58. Kb2 Rb3+ 59. Ka2 Rxh3 60.
Rxa4 Ke7 61. Ra6 Rc3 62. Re6+ Kf7 63. Re4 Kf6 64. Kb2 Rh3 65. Re6+ Kf7 66. a4
Rh2+ 67. Kb3 Rh3+ 68. Kc2 Ra3 69. Ra6 Rg3 70. Rg6 Ra3 71. Ra6 Rg3 72. Rc6 Rxg4
73. Rxc5 h5 74. a5 Rg1 75. Rd5 h4 76. Rd4 Ra1 77. Rxh4 Rxa5 78. Rf4 Kf6 79. Kc3
Rxf5 1/2-1/2

[Event "Olimpiade 2014 - Open"]
[Site "Tromsø"]
[Date "10.08.2014"]
[Round "8.48"]
[Board "1"]
[White "Wiedenkeller, Michael"]
[Black "Machin Rivera, Mark"]
[Result "1-0"]
[WhiteTitle "IM"]
[BlackTitle "FM"]
[WhiteElo "2471"]
[BlackElo "2341"]
[WhiteTeam "Luxembourg"]
[BlackTeam "Puerto Rico"]
[WhiteFideId "1700146"]
[BlackFideId "3101126"]
[EventDate "2014.08.02"]

1. d4 g6 2. c4 Bg7 3. Nc3 Nf6 4. e4 d6 5. Bd3 O-O 6. Nge2 Nbd7 7. O-O c5 8. d5
Ne5 9. f4 Nxd3 10. Qxd3 a6 11. a4 e6 12. dxe6 Bxe6 13. f5 Bc8 14. Bg5 Qb6 15. a5
Qc6 16. Bxf6 Bxf6 17. Nd5 Bd8 18. Qd2 Qe8 19. Qh6 f6 20. Nef4 g5 21. Nh5 Qf7 22.
Ra3 b5 23. axb6 Bb7 24. h4 Bxd5 25. exd5 Re8 26. hxg5 fxg5 27. f6 Bxb6 28. Qxg5+
Kh8 29. Qg7+ Qxg7 30. fxg7+ Kg8 31. Nf6+ Kxg7 32. Nxe8+ Rxe8 33. Rxa6 Bc7 34.
Rc6 Re7 35. Ra1 Kf7 36. Ra7 Bd8 37. Rxe7+ Bxe7 38. Rc7 Kf6 39. Kf2 h5 40. Kg3
Bf8 41. Kh4 Kg6 42. Rd7 Kh6 43. Rf7 Bg7 44. Rxg7 1-0

[Event "Olimpiade 2014 - Open"]
[Site "Tromsø"]
[Date "10.08.2014"]
[Round "8.48"]
[Board "2"]
[White "Almedina Ortiz, Edgardo J."]
[Black "Berend, Elvira"]
[Result "1/2-1/2"]
[WhiteTitle "FM"]
[BlackTitle "WGM"]
[WhiteElo "2277"]
[BlackElo "2330"]
[WhiteTeam "Puerto Rico"]
[BlackTeam "Luxembourg"]
[WhiteFideId "3100197"]
[BlackFideId "4000510"]
[EventDate "2014.08.02"]

1. d4 Nf6 2. c4 e6 3. Nf3 Bb4+ 4. Nbd2 b6 5. e3 Bb7 6. Bd3 O-O 7. O-O Bxd2 8.
Nxd2 c5 9. dxc5 bxc5 10. Qc2 Nc6 11. a3 Ne5 12. Be2 a5 13. Nf3 Nxf3+ 14. Bxf3
Bxf3 15. gxf3 d5 16. cxd5 Qxd5 17. e4 Qh5 18. Kg2 e5 19. Qe2 Rfc8 20. Rd1 Ne8
21. Be3 Rc6 22. Rac1 Nc7 23. Rxc5 Rg6+ 24. Kh1 Ne6 25. Rcd5 a4 26. Rg1 Rxg1+ 27.
Kxg1 h6 28. Kg2 Rc8 29. Qd1 Ng5 30. Bxg5 Qxg5+ 31. Kh3 Rc1 32. Rd8+ Kh7 33. Qd7
Qh5+ 34. Kg2 Qg5+ 35. Kh3 Qh5+ 36. Kg2 Qg5+ 37. Kh3 1/2-1/2

[Event "Olimpiade 2014 - Open"]
[Site "Tromsø"]
[Date "10.08.2014"]
[Round "8.48"]
[Board "3"]
[White "Berend, Fred"]
[Black "Montalvo Rosario, Alejandro"]
[Result "1/2-1/2"]
[WhiteTitle "IM"]
[BlackTitle "IM"]
[WhiteElo "2380"]
[BlackElo "2296"]
[WhiteTeam "Luxembourg"]
[BlackTeam "Puerto Rico"]
[WhiteFideId "4000102"]
[BlackFideId "3100260"]
[EventDate "2014.08.02"]

1. e4 e6 2. d4 d5 3. Nd2 Nc6 4. c3 e5 5. exd5 Qxd5 6. Ngf3 exd4 7. Bc4 Qh5 8.
cxd4 Be6 9. Qe2 O-O-O 10. Bxe6+ fxe6 11. Qxe6+ Kb8 12. O-O Bd6 13. h3 Nf6 14.
Ne4 Rde8 15. Nxf6 gxf6 16. Qg4 Qd5 17. Nh4 Rhg8 18. Qf3 Re4 19. Nf5 Nxd4 20.
Nxd4 Rxd4 21. Qxd5 Rxd5 22. Be3 f5 23. Rfd1 Rb5 24. Bd4 Kc8 25. Rac1 Kd7 26. Kf1
Rd5 27. g3 Re8 28. Be3 Rxd1+ 29. Rxd1 Ke6 30. Kg2 c5 31. Kf3 b5 32. Bf4 Be7 33.
Re1+ Kd7 34. Re5 Rf8 35. b4 cxb4 36. Rxb5 Kc6 37. Ra5 Bc5 38. Be3 Bb6 39. Re5
Rf7 40. Re6+ Kb5 41. Bxb6 axb6 42. Kf4 Ra7 43. Re2 Kc4 44. Kxf5 Kd3 45. Re3+ Kc4
46. Re4+ Kc3 47. Re3+ Kc4 48. Re4+ Kc3 1/2-1/2

[Event "Olimpiade 2014 - Open"]
[Site "Tromsø"]
[Date "10.08.2014"]
[Round "8.48"]
[Board "4"]
[White "Santana Otero, Orlando"]
[Black "Gengler, Pierre"]
[Result "0-1"]
[WhiteElo "2125"]
[BlackElo "2173"]
[WhiteTeam "Puerto Rico"]
[BlackTeam "Luxembourg"]
[WhiteFideId "3100090"]
[BlackFideId "4000714"]
[EventDate "2014.08.02"]

1. e4 c5 2. Nf3 Nc6 3. d3 g6 4. g3 Bg7 5. Bg2 e5 6. O-O Nge7 7. Be3 d6 8. Nbd2
O-O 9. Nh4 f5 10. exf5 Nxf5 11. Nxf5 gxf5 12. Bd5+ Kh8 13. Qh5 Nb4 14. Bg5 Bf6
15. Bxf6+ Qxf6 16. Bb3 Be6 17. Qd1 Bxb3 18. Nxb3 f4 19. a3 Nd5 20. Qf3 Qe6 21.
c4 Ne7 22. Qe4 Rf6 23. Nd2 Raf8 24. Nf3 Qh3 25. Ng5 Qh5 26. h4 Nf5 27. Kg2 Nxh4+
28. gxh4 Qxh4 29. Rg1 Qxg5+ 30. Kf1 Qf5 31. Qf3 b5 32. Rc1 bxc4 33. Rxc4 a5 34.
Ke2 Rb8 35. Rb1 Rh6 36. b4 Rh3 37. Qd5 Qg6 38. b5 Rh2 39. Rxc5 Qh5+ 40. Kd2
Rxf2+ 41. Kc3 Qe2 42. Qb3 dxc5 43. b6 Rxb6 0-1